Normal view
MARC view
- Kangassalo, H. (Ed.)
Entry Personal Name
001 - CONTROL NUMBER
- control field: 94875
003 - CONTROL NUMBER IDENTIFIER
- control field: NUST
005 - DATE AND TIME OF LATEST TRANSACTION
- control field: 20220725120634.0
008 - FIXED-LENGTH DATA ELEMENTS
- fixed length control field: 220725|| aca||aabn | a|a d
040 ## - CATALOGING SOURCE
- Original cataloging agency: NUST
- Transcribing agency: NUST
100 ## - HEADING--PERSONAL NAME
- Personal name: Kangassalo, H. (Ed.)
670 ## - SOURCE DATA FOUND
- Source citation: Work cat.: (NUST)175718: Kangassalo, H. (Ed.), Information Modelling and Knowledge Bases VIII /, 1997
